Quiz da Granada - Statistics

Estatísticas Gerais
  • Esse quiz foi jogado 448 vezes
  • A pontuação média é 9 de 14
Estatísticas das Respostas
Dica Resposta % Correto
Língua oficial Inglês
96%
Mar fazendo fronteira com a Granada Caribe
89%
Moeda oficial Dólar
86%
País que invadiu a ilha em 1983 Estados Unidos
83%
A Granada fazia parte deste país antes de 1974 Reino Unido
83%
Arquipélago onde a Granada está Pequenas {Antilhas}
80%
País onde você vai encontrar a cidade de Granada, que deu nome à ilha Espanha
78%
País no norte da Granada São Vicente e Granadinas
75%
Período de férias que a Granada celebra em agosto, ao contrário de outros países que o celebram antes da Quaresma Carnaval
62%
Esporte mais popular Críquete
61%
Capital Saint George's
58%
Granada é dividida em 6 dessas divisões administrativas (começa com P) Paróquias
42%
Pássaro nacional, ameaçado de extinção {Pombo} da Granada
26%
Partido comunista que deu um golpe de Estado em 1979 Movimento New {Jewel}
19%
Nenhum quiz correspondente encontrado
Distribuição das Pontuações
Porcentagem de Pessoas com Cada Pontuação
Percentil de Números Respondidos
Sua Pontuação Histórica
Você não jogou esse quiz